[Event "Offene Hessische Senioren Einzelmeisters"]
[Site "Bad Sooden- Allendorf"]
[Date "2013.04.23"]
[Round "4.17"]
[White "Biller, Dr. Helmut"]
[Black "Niebling, Ferdinand"]
[Result "1/2-1/2"]
[WhiteElo "1959"]
[BlackElo "2049"]
[PlyCount "79"]
[EventDate "2013.??.??"]
[WhiteTeam "Sfr. Frankfurt 1921"]
[BlackTeam "SC Frankfurt-West"]

1. d4 f5 2. g3 Nf6 3. Bg2 g6 4. c4 Bg7 5. Nf3 d6 6. O-O O-O 7. Nc3 Qe8 8. Re1
c6 9. b3 Na6 10. Ba3 Rb8 11. Qd3 b5 12. cxb5 cxb5 13. b4 Bd7 14. Rac1 e5 15.
dxe5 dxe5 16. e4 f4 17. Qd6 Rb6 18. Qxe5 Re6 19. Qg5 h6 20. Qh4 g5 21. Nxg5
hxg5 22. Qxg5 Re5 23. Qxf4 Ng4 24. Qd2 Rxf2 25. Qd3 Qh5 26. h3 Rxg2+ 27. Kxg2
Qxh3+ 28. Kxh3 Nf2+ 29. Kg2 Nxd3 30. Red1 Nxc1 31. Rxd7 Re6 32. Nxb5 Nxa2 33.
Rxa7 N2xb4 34. Nc7 Nxc7 35. Bxb4 Nb5 36. Rb7 Nd4 37. Bc3 Rxe4 38. Bxd4 Rxd4 39.
Kf3 Be5 40. Re7 1/2-1/2

[Event "Offene Hessische Senioren Einzelmeisters"]
[Site "Bad Sooden- Allendorf"]
[Date "2013.04.23"]
[Round "4.18"]
[White "Just, Fred"]
[Black "Bieberle, Gerhart"]
[Result "0-1"]
[WhiteElo "2044"]
[BlackElo "1733"]
[PlyCount "72"]
[EventDate "2013.??.??"]
[WhiteTeam "SAbt SV Werder Bremen"]
[BlackTeam "Post-Telekom SV 1925 Aachen e.V."]

1. d4 Nf6 2. Nf3 d5 3. g3 c5 4. c3 e6 5. Bg2 Nc6 6. O-O Be7 7. e3 O-O 8. Nbd2
b5 9. a4 b4 10. dxc5 Bxc5 11. Nd4 Qb6 12. N2b3 Nxd4 13. Nxc5 Qxc5 14. Qxd4 Qxd4
15. cxd4 Ba6 16. Re1 Rfc8 17. Bd2 b3 18. Bc3 Ne4 19. Bxe4 dxe4 20. Ra3 Rab8 21.
a5 Rxc3 22. bxc3 b2 23. g4 b1=Q 24. Rxb1 Rxb1+ 25. Kg2 g5 26. h4 h6 27. hxg5
hxg5 28. f3 exf3+ 29. Kxf3 Kg7 30. Ra4 Rc1 31. Ra3 Bb7+ 32. Kf2 Bd5 33. Ke2 Rg1
34. Ra4 Rxg4 35. e4 Bc6 36. Rb4 Rg2+ 0-1

[Event "Offene Hessische Senioren Einzelmeisters"]
[Site "Bad Sooden- Allendorf"]
[Date "2013.04.23"]
[Round "4.19"]
[White "Thieme, Hans"]
[Black "Pape, Manfred"]
[Result "0-1"]
[WhiteElo "1943"]
[BlackElo "2040"]
[Annotator ",Microsoft"]
[PlyCount "84"]
[EventDate "2013.??.??"]
[WhiteTeam "SV Oberursel"]
[BlackTeam "SK Bad Harzburg"]

1. e4 c6 2. d4 g6 3. Nc3 Bg7 4. Be3 d6 5. f4 b5 6. Bd3 Nf6 7. Nf3 O-O 8. O-O
Ng4 9. Bf2 Nxf2 10. Rxf2 Qb6 11. e5 Bg4 12. h3 Bxf3 13. Qxf3 d5 14. Ne2 e6 15.
g4 c5 16. dxc5 Qxc5 17. g5 Nc6 18. a3 a5 19. Kg2 b4 20. Rff1 Rfb8 21. a4 Ra7
22. b3 Bf8 23. h4 $11 Rc7 24. h5 Bg7 25. Rh1 Nd4 26. Nxd4 Qxd4 27. Rad1 Qb6 28.
Qh3 Rbc8 29. Rd2 Qd4 30. Rf2 Rc3 31. hxg6 hxg6 32. Kf1 Kf8 33. Qf3 R8c7 34. Rh3
Kg8 35. Rfh2 Rxd3 36. Qxd3 Qxf4+ 37. Rf2 Qc1+ 38. Kg2 Rc3 39. Qb5 Qxg5+ 40. Kf1
Rxh3 41. Qe8+ Kh7 42. Qxf7 Qc1+ 0-1

[Event "Offene Hessische Senioren Einzelmeisters"]
[Site "Bad Sooden- Allendorf"]
[Date "2013.04.23"]
[Round "4.20"]
[White "Weyrauch, Erich"]
[Black "Bachmann, Rolf"]
[Result "1-0"]
[WhiteElo "2026"]
[BlackElo "1881"]
[PlyCount "99"]
[EventDate "2013.??.??"]
[WhiteTeam "SV Letmathe 1933 e.V."]
[BlackTeam "SVigung Hamm"]

1. e4 c6 2. d4 d5 3. Nc3 dxe4 4. Nxe4 Bf5 5. Ng3 Bg6 6. Nh3 Nf6 7. Nf4 e5 8.
Nxg6 hxg6 9. Be3 exd4 10. Bxd4 Nbd7 11. Be2 Bc5 12. Bc3 Nb6 13. O-O O-O 14. a4
Qxd1 15. Rfxd1 Rad8 16. Bd3 Nbd5 17. Bd2 Rfe8 18. h3 Bd6 19. Bf1 Bf4 20. Be1
Bd6 21. c4 Nb4 22. Rxd6 Rxd6 23. Bxb4 Rd7 24. Bc3 Ne4 25. Nxe4 Rxe4 26. g3 a6
27. a5 Re8 28. Kg2 Red8 29. Be2 Re8 30. Bf3 Kf8 31. Bb4+ Kg8 32. Rc1 Re5 33.
Rc2 Re8 34. Bc3 Red8 35. b4 Rc7 36. Bd2 Rcd7 37. Be3 Rc8 38. Rc3 Kf8 39. Bc5+
Kg8 40. Re3 f6 41. Bb6 Kf7 42. Rb3 Re8 43. b5 axb5 44. cxb5 cxb5 45. Rxb5 Re5
46. Rb3 Ke6 47. Rc3 Rb5 48. Be4 f5 49. Bc2 Rb2 50. Ba4 1-0

[Event "Offene Hessische Senioren Einzelmeisters"]
[Site "Bad Sooden- Allendorf"]
[Date "2013.04.23"]
[Round "4.21"]
[White "Micheel, Peter"]
[Black "Szenetra, Werner"]
[Result "0-1"]
[WhiteElo "1751"]
[BlackElo "2022"]
[PlyCount "24"]
[EventDate "2013.??.??"]
[WhiteTeam "SSC Graal-Müritz"]
[BlackTeam "SV Berenbostel"]

1. e4 g6 2. d4 d6 3. Nf3 Bg7 4. Nc3 a6 5. Bd3 Bg4 6. h3 Bxf3 7. Qxf3 Bxd4 8. e5
Nc6 9. exd6 cxd6 10. O-O Bg7 11. Be4 Rc8 12. Bf4 Nf6 0-1

[Event "Offene Hessische Senioren Einzelmeisters"]
[Site "Bad Sooden- Allendorf"]
[Date "2013.04.23"]
[Round "4.22"]
[White "Baum, Bernd"]
[Black "Jürgens, Peter"]
[Result "1/2-1/2"]
[WhiteElo "2232"]
[BlackElo "1832"]
[PlyCount "178"]
[EventDate "2013.??.??"]
[WhiteTeam "SV Empor Erfurt"]
[BlackTeam "SC Tempo Göttingen"]

1. e4 e6 2. d4 d5 3. Nd2 c5 4. exd5 exd5 5. Ngf3 a6 6. Be2 c4 7. O-O Nf6 8. Re1
Be7 9. b3 cxb3 10. axb3 O-O 11. Ne5 Re8 12. Bb2 Nbd7 13. Bd3 Nf8 14. Ndf3 Be6
15. Ng5 h6 16. Nxe6 Nxe6 17. Qd2 Nh7 18. Nxf7 Kxf7 19. Bxh7 Bg5 20. Qd3 Qf6 21.
Qf5 Qxf5 22. Bxf5 Bf6 23. Rxe6 Rxe6 24. Bxe6+ Kxe6 25. Re1+ Kf5 26. Kf1 h5 27.
Re2 b5 28. c3 a5 29. Ke1 a4 30. bxa4 Rxa4 31. Kd2 b4 32. cxb4 Rxb4 33. Kd3 Rb3+
34. Bc3 Rb8 35. Ra2 h4 36. h3 Rb7 37. Ra5 Rd7 38. Bb4 Rd8 39. Rb5 Rd7 40. Rb6
g5 41. Bc5 Bd8 42. Rd6 Rxd6 43. Bxd6 Ba5 44. Ke3 Bd8 45. Be5 g4 46. hxg4+ Kxg4
47. f3+ Kf5 48. Kd3 Ba5 49. Ke2 Bb4 50. Kf2 Be7 51. Kg1 Bd8 52. Kh2 Be7 53. Kh3
Bd8 54. g4+ hxg3 55. Kxg3 Ba5 56. Kf2 Bb4 57. Ke2 Ba5 58. Kd3 Be1 59. Kc2 Ba5
60. Kb3 Be1 61. Bc7 Bf2 62. Kc3 Be1+ 63. Kd3 Bb4 64. Ke3 Be1 65. Bd6 Ba5 66.
Bf8 Be1 67. Bh6 Ba5 68. Kd3 Bb4 69. Bd2 Be7 70. Kc3 Bf6 71. Be3 Be7 72. Kd3 Bb4
73. Bh6 Ba5 74. Ke3 Bb4 75. Bg7 Bd6 76. Kf2 Bf4 77. Kg2 Bd6 78. Bh6 Bc7 79. Be3
Bd6 80. Kf2 Bb4 81. Ke2 Ba5 82. Kd3 Bb4 83. Kc2 Be7 84. Kc3 Bf8 85. Kb3 Bg7 86.
Kc3 Bf8 87. Bd2 Be7 88. Bh6 Bf6 89. Be3 Be7 1/2-1/2

[Event "Offene Hessische Senioren Einzelmeisters"]
[Site "Bad Sooden- Allendorf"]
[Date "2013.04.23"]
[Round "4.23"]
[White "van den Berg, Ad"]
[Black "Plischke, Berthold"]
[Result "1-0"]
[WhiteElo "2188"]
[BlackElo "1828"]
[Annotator ",Microsoft"]
[PlyCount "99"]
[EventDate "2013.??.??"]
[WhiteTeam "Aas Aalsmeer"]
[BlackTeam "SV Wesel 1928 e.V."]

1. e4 e6 2. d3 d5 3. Nd2 Nc6 4. Ngf3 Nf6 5. g3 e5 6. Bg2 Be6 7. O-O Qd7 8. Ng5
Bg4 9. f3 Bh5 10. h4 h6 11. Nh3 dxe4 12. Nxe4 Nxe4 13. dxe4 Bc5+ 14. Kh2 Qxd1
15. Rxd1 Nd4 16. Be3 Bb6 17. Bxd4 exd4 18. Nf4 Bg6 19. a4 O-O-O 20. a5 Bc5 21.
a6 Rhe8 22. axb7+ Kxb7 23. Bf1 Bh7 24. Ba6+ Kb8 25. Nh5 Bf8 26. Rd3 Re6 27. Nf4
Rb6 28. b3 f5 $11 29. e5 Bb4 30. Bc4 Bc3 31. Rad1 Re8 32. Nd5 f4 33. Nxb6 Bxd3
34. Nd7+ Kc8 35. Bxd3 fxg3+ 36. Kxg3 Kxd7 37. Kf4 Re7 38. h5 c6 39. Ke4 Ke8 40.
f4 Kd7 41. f5 Kc7 42. Rg1 Kb6 43. Rg6 Kc5 44. Re6 Rb7 45. Ba6 Rf7 46. Re8 Bd2
47. Rd8 Bc3 48. Bc4 Re7 49. Bd3 Bb2 50. e6 {Rest nicht rekonstruierbar,
fehlende Notation} 1-0

[Event "Offene Hessische Senioren Einzelmeisters"]
[Site "Bad Sooden- Allendorf"]
[Date "2013.04.23"]
[Round "4.24"]
[White "Rürup, Hans-Heinz"]
[Black "Ghijsen, Pim"]
[Result "1/2-1/2"]
[WhiteElo "1825"]
[BlackElo "2161"]
[PlyCount "59"]
[EventDate "2013.??.??"]
[WhiteTeam "SV Bad Oeynhausen"]
[BlackTeam "VAS Amsterdam"]

1. e4 c5 2. Nc3 Nc6 3. Bb5 Nd4 4. Bc4 e6 5. Nge2 Nxe2 6. Qxe2 a6 7. d3 d6 8.
O-O Be7 9. f4 Bf6 10. Kh1 Qc7 11. Bd2 Ne7 12. Rae1 Nc6 13. Bb3 Bd7 14. f5 O-O
15. Qg4 Rae8 16. Bg5 Bxg5 17. Qxg5 h6 18. Qg3 exf5 19. exf5 Rxe1 20. Qxe1 Nd4
21. f6 g6 22. Nd5 Qd8 23. Ne7+ Kh7 24. h4 Nxb3 25. axb3 h5 26. Qg3 Be6 27. Qg5
Qd7 28. Rf3 Re8 29. Rg3 Bg4 30. Kh2 1/2-1/2

[Event "Offene Hessische Senioren Einzelmeisters"]
[Site "Bad Sooden- Allendorf"]
[Date "2013.04.23"]
[Round "4.25"]
[White "Lindner, Jan-Joost"]
[Black "Görtz, Hans"]
[Result "1/2-1/2"]
[WhiteElo "2159"]
[BlackElo "1813"]
[PlyCount "26"]
[EventDate "2013.??.??"]
[WhiteTeam "DD Den Haag"]
[BlackTeam "DJK Wacker Bergeborbeck 1922"]

1. f4 d5 2. Nf3 c5 3. e3 Nc6 4. Bb5 Bd7 5. O-O Nf6 6. d3 e6 7. Bxc6 Bxc6 8. Ne5
Qc7 9. Qe2 Bd6 10. Nxc6 Qxc6 11. Nd2 O-O 12. e4 dxe4 13. Nxe4 Be7 1/2-1/2

[Event "Offene Hessische Senioren Einzelmeisters"]
[Site "Bad Sooden- Allendorf"]
[Date "2013.04.23"]
[Round "4.26"]
[White "Schlag, Franz"]
[Black "Lenk, Wolfgang"]
[Result "1/2-1/2"]
[WhiteElo "1801"]
[BlackElo "2054"]
[PlyCount "62"]
[EventDate "2013.??.??"]
[WhiteTeam "SK Turm Bad Hersfeld"]
[BlackTeam "USV TU Dresden"]

1. Nc3 Nf6 2. Nf3 g6 3. g3 Bg7 4. Bg2 O-O 5. O-O d6 6. d4 Na6 7. a3 c5 8. Bg5
cxd4 9. Nxd4 h6 10. Bxf6 Bxf6 11. e3 Nc5 12. Nd5 Bg7 13. b4 Ne6 14. c4 Rb8 15.
Rc1 Bd7 16. Qd3 Nxd4 17. exd4 a6 18. Rfe1 e6 19. Ne3 Qf6 20. d5 Qd4 21. Qb3 e5
22. c5 dxc5 23. Rc4 Qd2 24. Rd1 Qe2 25. Bf1 Qf3 26. Bg2 Qf6 27. bxc5 Rfc8 28.
Rdc1 Bf8 29. a4 b5 30. axb5 Rxb5 31. Qa3 Rbxc5 1/2-1/2

[Event "Offene Hessische Senioren Einzelmeisters"]
[Site "Bad Sooden- Allendorf"]
[Date "2013.04.23"]
[Round "4.27"]
[White "Stimpel, Franz"]
[Black "Türtmann, Dieter"]
[Result "1-0"]
[WhiteElo "2015"]
[BlackElo "1797"]
[PlyCount "129"]
[EventDate "2013.??.??"]
[WhiteTeam "Wiesbadener SV 1885"]
[BlackTeam "ESV 1949 Eberswalde e.V."]

1. d4 Nf6 2. c4 d6 3. Nc3 e6 4. Nf3 Be7 5. g3 Nbd7 6. Bg2 O-O 7. O-O Nb6 8. b3
Bd7 9. a4 a5 10. e4 h6 11. h3 Re8 12. Be3 d5 13. e5 Nh7 14. c5 Nc8 15. Nb5 Na7
16. Nxa7 Rxa7 17. Qd2 Qa8 18. Rfc1 c6 19. Rcb1 Bc8 20. Bf1 Bd8 21. Bd3 Qb8 22.
Qc2 Nf8 23. Bd2 Qc7 24. b4 axb4 25. Bxb4 f5 26. Bd2 Qf7 27. Kg2 g6 28. Bxh6 Nh7
29. h4 Kh8 30. Qc1 Be7 31. Ng5 Qg8 32. Qf4 Nxg5 33. Bxg5 Qg7 34. Rh1 Kg8 35.
Be2 Bd7 36. h5 Bxg5 37. Qxg5 gxh5 38. Rxh5 Qxg5 39. Rxg5+ Kf8 40. Rh1 Ke7 41.
Rh7+ Kd8 42. Rgg7 Bc8 43. Bd1 Ra8 44. f3 Rb8 45. Rc7 Ra8 46. g4 Rg8 47. Kh3
fxg4+ 48. fxg4 Ra6 49. Kg3 b5 50. Ra7 Rxa7 51. Rxa7 b4 52. Rf7 Ba6 53. a5 b3
54. Bxb3 Be2 55. Kf2 Bb5 56. Bd1 Ke8 57. Rf3 Ke7 58. Ra3 Rf8+ 59. Bf3 Kd7 60.
a6 Kc7 61. a7 Ra8 62. g5 Kb7 63. Ke3 Ba6 64. Be2 Bb5 65. Kd2 1-0

[Event "Offene Hessische Senioren Einzelmeisters"]
[Site "Bad Sooden- Allendorf"]
[Date "2013.04.23"]
[Round "4.28"]
[White "Fritsch, Dr. Jürgen"]
[Black "Villing, Dieter"]
[Result "0-1"]
[WhiteElo "1779"]
[BlackElo "1987"]
[Annotator ",Microsoft"]
[PlyCount "59"]
[EventDate "2013.??.??"]
[WhiteTeam "SK Lister Turm"]
[BlackTeam "SK 1962 Ladenburg"]

1. e4 c5 2. Nf3 Nf6 3. e5 Nd5 4. Bc4 Nb6 5. d3 e6 6. O-O Be7 7. Nc3 Nc6 8. Bf4
g5 9. Bg3 h5 10. h3 g4 11. hxg4 hxg4 12. Nh2 Nd4 13. Nxg4 d5 14. exd6 Bxd6 15.
Bxd6 Qxd6 16. Ne4 Qf4 17. Nef6+ Kd8 18. c3 Nc6 19. Qf3 Qxf3 20. gxf3 Nxc4 21.
dxc4 b6 22. Kg2 Ke7 23. Rae1 Bb7 24. Kg3 Rad8 25. Re2 Na5 26. Nd5+ Bxd5 27.
cxd5 Rxd5 28. Rfe1 Kd8 29. b3 Rg5 30. Rd2+ {Rest nicht rekonstruierbar} 0-1

[Event "Offene Hessische Senioren Einzelmeisters"]
[Site "Bad Sooden- Allendorf"]
[Date "2013.04.23"]
[Round "4.29"]
[White "Voermans, Adri"]
[Black "Krebs, Dietmar"]
[Result "1/2-1/2"]
[WhiteElo "1756"]
[BlackElo "1960"]
[PlyCount "53"]
[EventDate "2013.??.??"]
[WhiteTeam "Discendo Discimus"]
[BlackTeam "Kölner SK Dr. Lasker 186"]

1. d4 Nf6 2. c4 c5 3. d5 e6 4. Nc3 exd5 5. cxd5 d6 6. e4 g6 7. f3 Bg7 8. Bc4
O-O 9. Be3 Nbd7 10. a4 Ne5 11. Ba2 a6 12. Nge2 Bd7 13. h3 b5 14. axb5 axb5 15.
f4 Nc4 16. Bxc4 bxc4 17. e5 Ne8 18. exd6 Nxd6 19. Bxc5 Qc7 20. Bf2 Rfe8 21. O-O
Qb7 22. Qd2 Bf5 23. Rfe1 Ne4 24. Nxe4 Bxe4 25. Nc3 Bd3 26. Rxe8+ Rxe8 27. Ra5
1/2-1/2

[Event "Offene Hessische Senioren Einzelmeisters"]
[Site "Bad Sooden- Allendorf"]
[Date "2013.04.23"]
[Round "4.30"]
[White "Essegern, Dr. Kurt"]
[Black "Blosze, Winfried"]
[Result "1-0"]
[WhiteElo "1952"]
[BlackElo "1759"]
[PlyCount "31"]
[EventDate "2013.??.??"]
[WhiteTeam "Randspringer Bad Salzungen"]
[BlackTeam "SV Königsspringer 1929 Großauhei"]

1. e4 d5 2. exd5 Qxd5 3. Nc3 Qd6 4. d4 Nf6 5. Nf3 a6 6. Bd3 Nc6 7. Ne4 Nxe4 8.
Bxe4 Bg4 9. c3 O-O-O 10. h3 Bh5 11. Qa4 f6 12. Be3 Be8 13. O-O-O Qe6 14. d5 Na5
15. Qb4 Nc6 16. dxe6 1-0

[Event "Offene Hessische Senioren Einzelmeisters"]
[Site "Bad Sooden- Allendorf"]
[Date "2013.04.23"]
[Round "4.31"]
[White "Noblé, Alexander"]
[Black "Jauch, Dieter"]
[Result "1-0"]
[WhiteElo "1907"]
[BlackElo "1756"]
[PlyCount "43"]
[EventDate "2013.??.??"]
[WhiteTeam "SC Bad Nauheim"]
[BlackTeam "SK Bietigheim-Bissingen"]

1. e4 c5 2. Nc3 Nc6 3. f4 e6 4. Nf3 d5 5. Bb5 Nge7 6. Ne5 f6 7. Nxc6 bxc6 8.
Be2 f5 9. d3 Ng8 10. O-O Nh6 11. b3 Be7 12. Bb2 O-O 13. e5 Qa5 14. Qe1 Qc7 15.
Na4 Ba6 16. c4 g5 17. g3 Rf7 18. Kh1 gxf4 19. gxf4 Qd8 20. Qf2 Qf8 21. Ba3 d4
22. Qg2+ 1-0

[Event "Offene Hessische Senioren Einzelmeisters"]
[Site "Bad Sooden- Allendorf"]
[Date "2013.04.23"]
[Round "4.32"]
[White "Fleischer, Martin"]
[Black "Montsma, Foppe-Jan"]
[Result "1-0"]
[WhiteElo "1746"]
[BlackElo "1906"]
[PlyCount "59"]
[EventDate "2013.??.??"]
[WhiteTeam "SV Einheit Schwerin"]

1. e4 d6 2. d4 Nf6 3. Bd3 e5 4. Nf3 exd4 5. Nxd4 Be7 6. O-O O-O 7. Nc3 a6 8.
Nde2 b5 9. Ng3 c5 10. b3 Nc6 11. a4 b4 12. Nd5 Nxd5 13. exd5 Bf6 14. Rb1 Ne7
15. Bb2 Bxb2 16. Rxb2 Nxd5 17. Bxh7+ Kxh7 18. Qxd5 Be6 19. Qd3+ f5 20. Re1 Qf6
21. Rbb1 Rfd8 22. Nh5 Qf7 23. Nf4 Bc8 24. Re3 Kg8 25. Rbe1 Ra7 26. Nd5 Kf8 27.
Ne7 Rc7 28. Rh3 g6 29. Rh8+ Kg7 30. Rxd8 1-0

[Event "Offene Hessische Senioren Einzelmeisters"]
[Site "Bad Sooden- Allendorf"]
[Date "2013.04.23"]
[Round "4.33"]
[White "Burckhardt, Karl"]
[Black "Schumacher, Helmut"]
[Result "1/2-1/2"]
[WhiteElo "1725"]
[BlackElo "1902"]
[PlyCount "43"]
[EventDate "2013.??.??"]
[WhiteTeam "SC Fulda"]
[BlackTeam "DJK Aufwärts St. Josef Aachen 19"]

1. e4 e6 2. d4 d5 3. Nc3 Bb4 4. Bd2 dxe4 5. Nge2 Nf6 6. Nxe4 Bxd2+ 7. Nxd2 Bd7
8. Nf3 Bc6 9. Ne5 Nfd7 10. Nxc6 Nxc6 11. Ng3 Nf6 12. Bb5 Qd6 13. O-O O-O 14. c3
Ne7 15. Nh5 Nxh5 16. Qxh5 Qd5 17. Qe2 Ng6 18. g3 Rad8 19. Rfe1 Qg5 20. Kh1 Qd5+
21. Kg1 Qg5 22. Kh1 1/2-1/2

[Event "Offene Hessische Senioren Einzelmeisters"]
[Site "Bad Sooden- Allendorf"]
[Date "2013.04.23"]
[Round "4.34"]
[White "Nietsch, Horst"]
[Black "Niebuhr, Gerd"]
[Result "1/2-1/2"]
[WhiteElo "1719"]
[BlackElo "1902"]
[PlyCount "32"]
[EventDate "2013.??.??"]
[WhiteTeam "SG Weißensee 49 e.V."]
[BlackTeam "Freibauer Wedemark"]

1. Nf3 Nf6 2. g3 g6 3. Bg2 Bg7 4. O-O O-O 5. d3 d5 6. Nbd2 Nc6 7. c3 e5 8. e4
dxe4 9. dxe4 Qe7 10. Re1 Bd7 11. Qc2 Rad8 12. Nf1 h6 13. b3 Be6 14. Bb2 Rfe8
15. Ne3 a5 16. a4 Qd7 1/2-1/2

[Event "Offene Hessische Senioren Einzelmeisters"]
[Site "Bad Sooden- Allendorf"]
[Date "2013.04.23"]
[Round "4.35"]
[White "Kotlar, Alfred"]
[Black "Liszka, Günter"]
[Result "1-0"]
[WhiteElo "1898"]
[BlackElo "1754"]
[PlyCount "85"]
[EventDate "2013.??.??"]
[WhiteTeam "SK Recklinghausen Altsta"]
[BlackTeam "Sportfreunde Katernberg 1913 e.V"]

1. d4 d5 2. Nf3 Nf6 3. Bf4 e6 4. e3 Bd6 5. Bg5 O-O 6. Nbd2 Nbd7 7. Bd3 h6 8.
Bh4 c5 9. c3 Qc7 10. Rc1 Qb8 11. O-O c4 12. Bb1 b5 13. e4 dxe4 14. Nxe4 Nxe4
15. Bxe4 Bb7 16. Re1 Bxe4 17. Rxe4 Qb7 18. Qc2 a6 19. Rce1 Qd5 20. Bg3 Bxg3 21.
hxg3 Qf5 22. Qc1 Rfd8 23. g4 Qh7 24. g5 hxg5 25. Qxg5 Qf5 26. Qxf5 exf5 27. Re7
Nf8 28. Nh4 g6 29. Nf3 Ne6 30. Ne5 Ng5 31. f4 Ne4 32. Rxf7 Re8 33. Rc7 Re6 34.
g4 Nd6 35. g5 Ne8 36. Rd7 Rb8 37. Kf2 Ng7 38. Kf3 Rbb6 39. Rd8+ Ne8 40. Re2 Kg7
41. Rd7+ Kg8 42. Rh2 Rbd6 43. Rdh7 1-0

[Event "Offene Hessische Senioren Einzelmeisters"]
[Site "Bad Sooden- Allendorf"]
[Date "2013.04.23"]
[Round "4.36"]
[White "Peleikis, Horst"]
[Black "Rehder, Frank"]
[Result "1/2-1/2"]
[WhiteElo "1879"]
[BlackElo "1747"]
[PlyCount "90"]
[EventDate "2013.??.??"]
[WhiteTeam "SK Lister Turm"]
[BlackTeam "SC Zugzwang 95 e.V."]

1. e4 c5 2. Nf3 e6 3. Nc3 a6 4. d4 cxd4 5. Nxd4 Qc7 6. Be2 Nf6 7. O-O Be7 8. f4
d6 9. Be3 O-O 10. a4 b6 11. Bf3 Bb7 12. Qe1 Nbd7 13. Nb3 Rac8 14. Rd1 Rfd8 15.
Rd2 Nc5 16. Nxc5 bxc5 17. Re2 Nd7 18. g4 Nb6 19. Bc1 Bc6 20. b3 Nd7 21. Bd2 Bf6
22. g5 Bd4+ 23. Kh1 Bb7 24. Nd1 c4 25. c3 Ba7 26. b4 Bc6 27. a5 Qb7 28. Qg3 Bb8
29. Nf2 f5 30. gxf6 Nxf6 31. Rfe1 Rf8 32. Kg1 Qf7 33. e5 Bxf3 34. Qxf3 dxe5 35.
fxe5 Nd5 36. Qxf7+ Rxf7 37. Kg2 Rcf8 38. Ne4 Nf4+ 39. Bxf4 Rxf4 40. Nc5 Rg4+
41. Kh1 Rf3 42. Re3 Rf2 43. h3 Rgg2 44. Ne4 Rh2+ 45. Kg1 Rfg2+ 1/2-1/2

[Event "Offene Hessische Senioren Einzelmeisters"]
[Site "Bad Sooden- Allendorf"]
[Date "2013.04.23"]
[Round "4.37"]
[White "Nagorni, Walter"]
[Black "Ranker, Klemens"]
[Result "1-0"]
[WhiteElo "1876"]
[BlackElo "1744"]
[PlyCount "73"]
[EventDate "2013.??.??"]
[WhiteTeam "SG Weiß-Blau Eilenriede"]
[BlackTeam "SC Hauptstuhl"]

1. Nf3 Nf6 2. c4 c5 3. Nc3 d6 4. g3 Nc6 5. d4 cxd4 6. Nxd4 Qb6 7. Nb3 Ne5 8.
Bg2 Nxc4 9. O-O a6 10. Nd5 Nxd5 11. Bxd5 Ne5 12. Be3 Qd8 13. Qd4 e6 14. Bg2 Nc6
15. Qd2 Be7 16. Rfd1 O-O 17. Rac1 Qe8 18. Bb6 d5 19. e4 Bb4 20. Qe2 dxe4 21.
Bxe4 Be7 22. Nc5 Bf6 23. Na4 Nd4 24. Qc4 Bd7 25. Bxd4 Bxa4 26. b3 Bb5 27. Qc7
Bxd4 28. Rxd4 f5 29. Bf3 Rf7 30. Qe5 Bc6 31. Bxc6 bxc6 32. Rd6 Re7 33. Rcxc6
Rc8 34. Rxa6 Rc1+ 35. Kg2 Qh5 36. Rxe6 Qd1 37. Ra8+ 1-0

[Event "Offene Hessische Senioren Einzelmeisters"]
[Site "Bad Sooden- Allendorf"]
[Date "2013.04.23"]
[Round "4.38"]
[White "Mentel, Dr. Jürgen"]
[Black "Meinke, Dietlind"]
[Result "1/2-1/2"]
[WhiteElo "1852"]
[BlackElo "1711"]
[PlyCount "58"]
[EventDate "2013.??.??"]
[WhiteTeam "Greifswalder SV"]
[BlackTeam "MTV Leck von 1889"]

1. e4 d5 2. exd5 Qxd5 3. Nc3 Qd6 4. d4 Nf6 5. Nf3 a6 6. Bc4 b5 7. Bb3 Nc6 8. h3
Bb7 9. O-O Rd8 10. Ne2 Nd5 11. c3 e6 12. Ng3 Be7 13. Bc2 Nf6 14. Qe2 Nb8 15.
Be3 Nbd7 16. Rad1 O-O 17. Rfe1 Bd5 18. Bg5 Bc4 19. Bd3 Bxd3 20. Qxd3 Rfe8 21.
Qc2 h6 22. Bc1 Qc6 23. Re2 Bd6 24. Ne4 Nxe4 25. Rxe4 Nf6 26. Re2 Qd5 27. b3 c5
28. dxc5 Bh2+ 29. Kxh2 Qxd1 1/2-1/2

[Event "Offene Hessische Senioren Einzelmeisters"]
[Site "Bad Sooden- Allendorf"]
[Date "2013.04.23"]
[Round "4.39"]
[White "Piastowski, Kurt"]
[Black "Grabitz, Dr. Georg"]
[Result "1/2-1/2"]
[WhiteElo "1709"]
[BlackElo "1852"]
[PlyCount "42"]
[EventDate "2013.??.??"]
[WhiteTeam "SC Turm Lüneburg e.V."]
[BlackTeam "Plesse Bovenden"]

1. d4 g6 2. Nf3 Bg7 3. Bf4 d6 4. e3 Nf6 5. Bc4 O-O 6. O-O a6 7. a4 b6 8. Nbd2
Bb7 9. Re1 Ne4 10. Nxe4 Bxe4 11. Ng5 Bb7 12. c3 h6 13. Nf3 Nd7 14. e4 e5 15.
dxe5 dxe5 16. Bg3 Qe7 17. Qc2 Rad8 18. Nd2 Nc5 19. Rad1 Rd7 20. f3 Rfd8 21. Nf1
Rxd1 1/2-1/2

[Event "Offene Hessische Senioren Einzelmeisters"]
[Site "Bad Sooden- Allendorf"]
[Date "2013.04.23"]
[Round "4.40"]
[White "Van Dongen, Rob"]
[Black "Kirchberg, Hans-Georg"]
[Result "1-0"]
[WhiteElo "1839"]
[BlackElo "1597"]
[PlyCount "55"]
[EventDate "2013.??.??"]
[WhiteTeam "VAS Amsterdam"]
[BlackTeam "SK Dingelstädt 1921"]

1. d4 e6 2. c4 c5 3. d5 exd5 4. cxd5 d6 5. Nc3 Nf6 6. g3 a6 7. a4 g6 8. Bg2 Bg7
9. Nf3 O-O 10. O-O Re8 11. Nd2 Nbd7 12. Nc4 Ne5 13. Na3 b6 14. h3 Rb8 15. f4
Ned7 16. e4 Qc7 17. Nc4 h6 18. e5 dxe5 19. fxe5 Nh5 20. d6 Qd8 21. Qf3 f5 22.
g4 Bb7 23. Qd3 Bxg2 24. Kxg2 Nxe5 25. Nxe5 Bxe5 26. gxh5 Bxd6 27. hxg6 Qf6 28.
Qxf5 1-0

[Event "Offene Hessische Senioren Einzelmeisters"]
[Site "Bad Sooden- Allendorf"]
[Date "2013.04.23"]
[Round "4.41"]
[White "Barlo, Werner"]
[Black "Krotofil, Kurt"]
[Result "1/2-1/2"]
[WhiteElo "1579"]
[BlackElo "1834"]
[PlyCount "65"]
[EventDate "2013.??.??"]
[WhiteTeam "SK Zehlendorf e.V."]
[BlackTeam "Niendorfer TSV 1919 SAbt"]

1. d4 Nf6 2. Nf3 e6 3. c4 c5 4. Qc2 Nc6 5. e3 g6 6. Nc3 d6 7. Be2 Bg7 8. O-O
O-O 9. Rd1 Qe7 10. a3 b6 11. Bd2 Bb7 12. Rab1 Rac8 13. dxc5 dxc5 14. h3 Rfd8
15. Be1 Nd7 16. Nb5 Nf6 17. Nc3 Rd7 18. Rxd7 Nxd7 19. Rd1 Nde5 20. Nb5 Rd8 21.
Rxd8+ Qxd8 22. b3 a6 23. Nc3 Nd7 24. Ne4 Nf6 25. Nxf6+ Qxf6 26. Qb1 Qb2 27.
Qxb2 Bxb2 28. a4 e5 29. Bd2 e4 30. Ne1 Ne5 31. f4 exf3 32. Nxf3 Nxf3+ 33. Bxf3
1/2-1/2

[Event "Offene Hessische Senioren Einzelmeisters"]
[Site "Bad Sooden- Allendorf"]
[Date "2013.04.23"]
[Round "4.42"]
[White "Perk, Egbert"]
[Black "Samarian, Cornel"]
[Result "1/2-1/2"]
[WhiteElo "1834"]
[BlackElo "1574"]
[PlyCount "96"]
[EventDate "2013.??.??"]
[WhiteTeam "SK Lister Turm"]
[BlackTeam "SC Pegasus Lohkirchen"]

1. e4 e5 2. Nf3 Nc6 3. Bb5 a6 4. Ba4 Nf6 5. Bxc6 dxc6 6. d3 Bd6 7. h3 O-O 8.
Be3 c5 9. Nbd2 Be6 10. Ng5 Re8 11. Nxe6 Rxe6 12. Bg5 h6 13. Bxf6 Qxf6 14. Qe2
b5 15. c4 b4 16. O-O Kh7 17. a4 g5 18. Kh1 Rg8 19. Qg4 Qf4 20. Rad1 Qxg4 21.
hxg4 Rge8 22. b3 a5 23. g3 Kg6 24. Kg2 Rh8 25. Rh1 f6 26. Rh5 Be7 27. Nf1 c6
28. Kf3 Bf8 29. Ne3 Rd6 30. Nf5 Rd7 31. Ke3 Rd8 32. Rdh1 Rd7 33. Rf1 Rd8 34. f4
exf4+ 35. gxf4 Rh7 36. Rh3 Rhd7 37. Ke2 Re8 38. Rhf3 Re6 39. Rh1 Rh7 40. Rh5
Re8 41. Rh1 Rd8 42. Rhf1 Rf7 43. fxg5 hxg5 44. Rh1 Rh7 45. Rxh7 Kxh7 46. Rh3+
Kg8 47. Re3 Re8 48. Kf3 Kf7 1/2-1/2